000 00438nam a2200157 i 4500
001 36107
003 ES-MaACL
005 20230906155312.0
007 t|
008 030217s1980 sp ||||1| spa d
100 1 _aBrito González, Oswaldo.
_931802
245 1 0 _aHistoria del movimiento obrero canario /
_cOswaldo Brito.
260 _a[Madrid] :
_bPopular,
_c[1980]
300 _a345 p. ;
_c21 cm.
852 _aES-MaACL
_jL-201
_bR.100607
999 _c36107
_d36107